000
00304nam a2200157Ia 4500
008
210310s9999 xx 000 0 und d
020
_a
0
100
_a
#N/A
_9
18116
245
0
_a
#N/A
260
_c
#N/A
300
_b
: ,
440
_a
0
_9
24440
500
_a
0
505
_a
0
650
_a
0
_9
24441
999
_c
11045
_d
11045